=LDR 00000nam 2200000 4500 =001 INLIS000000000034516 =005 20200229113153 =035 ##$$a 0010-061300000034516 =008 200229################g##########0#ind## =041 ##$$a ind =082 ##$$a 005.369 =090 ##$$a 005.369, Her m =100 ##$$a Herwindo =245 1#$$a Mengenal sistem komputer masa kini /$c Herwindo, ST., Ali Akbar, ST. =260 ##$$a Bandung :$b Yrama Widya,$c 2007 =300 ##$$a 160 hlm. : $b ilus. ; $c 15x21 cm. =650 #4$$a Komputer - Sistem Pengoperasian =700 #$$a Akbar, Ali =850 ##$$a NBPNMAT =020 ##$$a 979-543-284-2 =084 ##$$a 005.369 HER m =990 ##$$a 21011088 =990 ##$$a 0001/BPAP-NTB/20142014 =990 ##$$a 21011089